000 00897nam a2200289 a 4500
001
003 DO-SdBNP
005 20220127072300.0
008 110408s2010 dr 000 0 spa d
020 _a9789945408423
040 _aDO-SdBNP
_bspa
_cBPMSU
082 _a330.951
_bG643c 2010
_222
100 1 _aGonzález, Luis,
_d1970-
245 1 0 _aChina :
_bel ascenso del dragón /
_cLuis González.
260 _bArgos,
_aSanto Domingo :
_c2010.
300 _a155 p. ;
_c23 cm.
500 _aIncluye datos biografícos del autor en la solapa de la cubierta
504 _aBibliografía: p. 147-149.
590 _aInventariado, 2022/VM
651 4 _aChina
_xPolítica económica
651 4 _aChina
_xCivilización
651 4 _aChina
_xCondiciones económicas
651 4 _aChina
_xPolítica y gobierno
651 4 _aChina
_xRelaciones exteriores
910 _a VMateo V.
942 _2ddc
_cBK
999 _c13982
_d13982